Welcome to the Holygrace Academy Library

Please use search bar below to get started

EZHTHAPPURANGAL (Record no. 4383)

MARC details
000 -LEADER
fixed length control field 00308nam a22001457a 4500
020 ## - INTERNATIONAL STANDARD BOOK NUMBER
ISBN 81-7180-633-3
082 ## - DEWEY DECIMAL CLASSIFICATION NUMBER
Classification number 894.812-3
Item number SWA/E
100 ## - MAIN ENTRY--AUTHOR NAME
Personal name SWAROOP
245 ## - TITLE STATEMENT
Title EZHTHAPPURANGAL
260 ## - PUBLICATION, DISTRIBUTION, ETC. (IMPRINT)
Place of publication CALICUT
Name of publisher POORNA PUBLICATIONS
Year of publication 1999
300 ## - PHYSICAL DESCRIPTION
Number of Pages 142
520 ## - SUMMARY, ETC.
Summary, etc POETRY
650 ## - SUBJECT ADDED ENTRY--TOPICAL TERM
Topical Term POETRY
942 ## - ADDED ENTRY ELEMENTS (KOHA)
Koha item type Books

No items available.